All Modern-Day Countries Ever Controlled by the Netherlands - Statistics

General Stats
  • This quiz has been taken 52,752 times
  • The average score is 46 of 53
Answers on the Map
Answers color-coded by a green-red scale on the quiz's map according to % correct below.
 
Answer Stats
Countries % Correct
India
98%
Indonesia
98%
Belgium
97%
Brazil
97%
Netherlands
97%
United States
97%
China
96%
Japan
96%
South Africa
96%
Canada
95%
Iran
95%
Suriname
95%
Thailand
95%
Vietnam
95%
Yemen
95%
Madagascar
94%
Oman
94%
Bangladesh
93%
Guyana
93%
Malaysia
93%
Myanmar
93%
Pakistan
93%
Cambodia
92%
Colombia
92%
Iraq
92%
Haiti
91%
France
90%
Germany
90%
Sri Lanka
89%
East Timor
88%
Luxembourg
88%
Angola
87%
Nigeria
87%
Mozambique
86%
Senegal
86%
Togo
85%
Benin
84%
Mauritania
84%
Republic of the Congo
83%
Ghana
82%
Chile
80%
Gabon
80%
Liberia
80%
Norway (Svalbard and Jan Mayen)
80%
Maldives
79%
Equatorial Guinea
78%
São Tomé and Príncipe
78%
Taiwan
77%
Mauritius
73%
Venezuela
69%
Trinidad and Tobago
67%
United Kingdom (Several Overseas Territories)
67%
Grenada
63%
No matching quizzes found
Score Distribution
Percent of People with Each Score
Percentile by Number Answered
Your Score History
You have not taken this quiz